Obras Maestras (Prado) - Estadísticas

Estadísticas generales
  • Esta prueba ha sido intentada 103 veces
  • La puntuación promedio es 6 de 15
Estadísticas de respuestas
Imagen Respuesta % Correcto
Las meninas
96%
Tríptico del Jardín de las delicias
84%
Las tres Gracias
78%
La Anunciación
66%
El 3 de mayo en Madrid
52%
El caballero de la mano en el pecho
47%
El Descendimiento
47%
Autorretrato
39%
El sueño de Jacob
27%
La Crucifixión
20%
El Cardenal
17%
La inmaculada Concepción
12%
Carlos V en la Batalla de Mühlberg
10%
Judit en el banquete de Holofernes
4%
Orestes y Pílades
4%
No se encontraron pruebas coincidentes
Distribución de puntuación
Porcentaje de gente con cada puntuación
Porcentaje por número respondido
Historial de tus puntuaciones
No has intentado esta prueba.